000 01102cam a2200265 i 4500
003 SA-RiAUC
005 20241203133006.0
008 241202s1988 le g c 00000cara c
040 _aSA-RiAUC
_bara
_cSA-RiAUC
_erda
082 0 4 _a922.1016
090 _a922.1016
_b ل ب ل
100 1 _aاللبلي، أحمد بن يوسف بن علي،
_d623-691 هجري
_eمؤلف.
245 1 0 _aفهرست اللبلي أحمد بن يوسف بن يعقوب بن علي الفهري /
_cتحقيق ياسين يوسف عياش، عواد عبد ربه أبو زينة.
250 _aالطبعة الأولى.
264 1 _aبيروت :
_bدار الغرب الإسلامي،
_c1988
300 _a162 صفحة ؛
_c24 سم
336 _aنص
_btxt
_2rdacontent
_3كتاب
337 _aبدون وسيط
_bn
_2rdamedia
338 _aمجلد
_bnc
_2rdacarrier
650 7 _aالمسلمون
_vتراجم
_2aucsh
700 1 _aعياش، ياسين يوسف
_eمحقق.
700 1 _aأبو زينة، عواد عبد ربه
_eمحقق.
942 _2ddc
_cBOOK
_n0
949 _aSA-JeALM
_d241202
_uosman123
_n1
999 _c2984
_d2984